000 00482nam a2200145Ia 4500
008 230917s9999||||xx |||||||||||||| ||und||
040 _e175940
_aMAIN
041 _aEnglish
082 _a891.431721 VP58G
100 _aवर्मा, प्रेमप्रकास
245 0 _aश्री गाँधी चरित मानस
260 _aनई दिल्ली
_bश्री वर्मा प्रकाशन
_c1970
300 _a287 पृ. p.
942 _cHN
999 _c76463
_d76463